Normal view
MARC view
Entry Geographic Name
001 - CONTROL NUMBER
- control field: 12494
003 - CONTROL NUMBER IDENTIFIER
- control field: ARRUPE
005 - DATE AND TIME OF LATEST TRANSACTION
- control field: 20141107133319.0
008 - FIXED-LENGTH DATA ELEMENTS
- fixed length control field: 141107|| aca||aabn | a|a d
040 ## - CATALOGING SOURCE
- Original cataloging agency: ARRUPE
- Transcribing agency: ARRUPE
151 ## - HEADING--GEOGRAPHIC NAME
- Geographic name: United States
- General subdivision: History
- Chronological subdivision: Civil War, 1861-1865
- General subdivision: Causes.
670 ## - SOURCE DATA FOUND
- Source citation: Work cat.: (ARRUPE)0: Hummel, Jeffrey Rogers. 12490, Emancipating slaves, enslaving free men :, c1996.